Spon's architects' and builders' price book 2013 (Record no. 114932)

MARC details
000 -LEADER
fixed length control field 01168cam a22002655a 4500
001 - CONTROL NUMBER
control field L157716
008 - FIXED-LENGTH DATA ELEMENTS--GENERAL INFORMATION
fixed length control field 111021S2013 xxk 000 0 eng d
020 ## - INTERNATIONAL STANDARD BOOK NUMBER
International Standard Book Number 9780415690775
035 ## - SYSTEM CONTROL NUMBER
System control number (Sirsi) u157716
041 0# - LANGUAGE CODE
Language code of text/sound track or separate title eng
050 ## - LIBRARY OF CONGRESS CALL NUMBER
Classification number 692.5 $2 18
245 00 - TITLE STATEMENT
Title Spon's architects' and builders' price book 2013
250 ## - EDITION STATEMENT
Edition statement 138th ed.
260 ## - PUBLICATION, DISTRIBUTION, ETC.
Place of publication, distribution, etc. Abingdon
Name of publisher, distributor, etc. Spon Press
Date of publication, distribution, etc. 2013
505 ## - FORMATTED CONTENTS NOTE
Formatted contents note General -- Approximate estimating -- Rates of wages -- Prices for measured works: major works -- Prices for measured works: minor works -- Fees for professional services -- Daywork and prime cost -- Tables and memoranda
520 ## - SUMMARY, ETC.
Summary, etc. Provides construction price information through for the UK. Suits a wide range of project sizes, sets out a detailed cost base for contracts exceeding £3,500,00 in value. Updated two or three times a year. Tender Index provides adjustment for changing market conditions.
520 ## - SUMMARY, ETC.
Summary, etc. Supersedes 137th edition (ISBN 9780415680639 )
521 ## - TARGET AUDIENCE NOTE
Target audience note Advanced
590 ## - LOCAL NOTE (RLIN)
Local note KA
651 #4 - SUBJECT ADDED ENTRY--GEOGRAPHIC NAME
Geographic name United Kingdom
Chronological subdivision
690 ## - LOCAL SUBJECT ADDED ENTRY--TOPICAL TERM (OCLC, RLIN)
Topical term or geographic name as entry element BUILT ENVIRONMENT-BUILDING COSTS
710 ## - ADDED ENTRY--CORPORATE NAME
Corporate name or jurisdiction name as entry element Davis Langdon
Relator term Editor
9 (RLIN) 4649
942 ## - ADDED ENTRY ELEMENTS (KOHA)
Suppress in OPAC 0
Holdings
Withdrawn status Lost status Source of classification or shelving scheme Damaged status Not for loan Home library Current library Shelving location Date acquired Total Checkouts Full call number Barcode Date last seen Copy number Price effective from Koha item type
    Dewey Decimal Classification     London London Books 10/04/2013   692.5 DAV 30075192 06/08/2019 1 06/08/2019 Book